2025/2026 Premier League Goalscorers: Gameweek 1 - Statistics

General Stats
  • This quiz has been taken 82 times
  • The average score is 20 of 24
Answer Stats
Fixture Club Score Goalscorer % Correct
Liverpool v Bournemouth Bournemouth 2-1 Antoine Semenyo
100%
Liverpool v Bournemouth Bournemouth 2-2 Antoine Semenyo
100%
Wolves v Manchester City Manchester City 1-0 Erling Haaland
98%
Wolves v Manchester City Manchester City 3-0 Erling Haaland
98%
Tottenham v Burnley Tottenham 1-0 Richarlison
98%
Tottenham v Burnley Tottenham 2-0 Richarlison
98%
Liverpool v Bournemouth Liverpool 4-2 Mohamed Salah
97%
Liverpool v Bournemouth Liverpool 1-0 Hugo Ekitike
94%
Nottingham Forest v Brentford Nottingham Forest 1-0 Chris Wood
92%
Nottingham Forest v Brentford Nottingham Forest 2-0 Chris Wood
92%
Wolves v Manchester City Manchester City 2-0 Tijjani Reijnders
92%
Liverpool v Bournemouth Liverpool 2-0 Cody Gakpo
91%
Wolves v Manchester City Manchester City 4-0 Rayan Cherki
89%
Liverpool v Bournemouth Liverpool 3-2 Federico Chiesa
88%
Manchester United v Arsenal Arsenal 1-0 Riccardo Calafiori
88%
Tottenham v Burnley Tottenham 3-0 Brennan Johnson
78%
Brighton v Fulham Fulham 1-1 Rodrigo Muniz
75%
Nottingham Forest v Brentford Nottingham Forest 3-0 Dan Ndoye
62%
Nottingham Forest v Brentford Brentford 3-1 Igor Thiago
62%
Leeds v Everton Leeds 1-0 Lukas Nmecha
60%
Sunderland v West Ham Sunderland 3-0 Wilson Isidor
60%
Sunderland v West Ham Sunderland 2-0 Dan Ballard
57%
Brighton v Fulham Brighton 1-0 Matt O'Riley
52%
Sunderland v West Ham Sunderland 1-0 Eliezer Mayenda
51%
No matching quizzes found
Score Distribution
Percent of People with Each Score
Percentile by Number Answered
Your Score History
You have not taken this quiz